Natural language for deaf children /

Bibliographic Details
Main Author: Groht, Mildred A.
Format: Book
Language:English
Published: Washington : Alexander Graham Bell Association for the Deaf, [1958]
Subjects:

MARC

Tag First Indicator Second Indicator Subfields
LEADER 00000cam a2200000 4500
001 in00000055551
005 20151008052246.0
008 730110s1958 dcu b 00000 eng u
010 |a  58038081  
035 |a (OCoLC)00535140 
035 |9 AAH2488AM 
040 |c BLC  |d TXA  |d UtOrBLW 
049 |a TXAM  |c [303208] 
050 0 0 |a HV2440  |b .G7 
082 0 |a 371.912 
092 |a 371.912  |b G874n 
100 1 |a Groht, Mildred A. 
245 1 0 |a Natural language for deaf children /  |c With a foreword by Clarence D. O'Connor. 
264 1 |a Washington :  |b Alexander Graham Bell Association for the Deaf,  |c [1958] 
300 |a 185 pages :  |b illustrations ;  |c 23 cm. 
336 |a text  |b txt  |2 rdacontent 
337 |a unmediated  |b n  |2 rdamedia 
338 |a volume  |b nc  |2 rdacarrier 
504 |a Includes bibliography. 
650 0 |a Deaf  |x Education. 
650 0 |a Deaf  |x Means of communication. 
999 |a MARS 
999 f f |s c28cf8d1-d813-333c-af66-a84c7b72cc32  |i bf74be32-c4b4-3c29-a0e1-87f1e9ecfc18  |t 0 
952 f f |p ric  |a Texas A&M University  |b Rellis Campus  |c Joint Library Facility  |d Remote Storage  |t 0  |e HV2440 .G7  |h Library of Congress classification  |i unmediated -- volume  |m A14800846754 
998 f f |a HV2440 .G7  |t 0  |l Remote Storage